书目信息 |
| 题名: |
人类的由来及性选择
|
|
| 作者: | 达尔文 , Darwin 著 ;叶笃庄 , 杨习之 译 | |
| 分册: | ||
| 出版信息: | 北京 科学出版社 1982 |
|
| 页数: | 766页 | |
| 开本: | 21cm | |
| 丛书名: | ||
| 单 册: | ||
| 中图分类: | Q981.1 | |
| 科图分类: | ||
| 主题词: | 人类--起源 , 古人类学 | |
| 电子资源: | ||
| ISBN: | ||
| 000 | 00774nam0 2200277 45 980 | |
| 001 | 0633014718 | |
| 005 | 20060805091102.96 | |
| 010 | @b布面精装@dCNY5.50 | |
| 091 | @a13031.1805 | |
| 100 | @a19980720d1982 em y0chiy0121 ea | |
| 101 | 1 | @achi@ceng |
| 102 | @aCN@b110000 | |
| 105 | @ay z 000yy | |
| 106 | @ar | |
| 200 | 10 | @a人类的由来及性选择@Aren lei de you lai ji xing xuan zhai@f达尔文,Darwin著@g叶笃庄,杨习之译 |
| 210 | @a北京@c科学出版社@d1982 | |
| 215 | @a766页@d21cm | |
| 606 | @a人类@x起源 | |
| 606 | 0 | @a古人类学 |
| 690 | @aQ981.1@v3 | |
| 701 | 1 | @a达尔文@bC.@4著@ADa Er Wen |
| 701 | A1 | @aDarwin@bC.@4著@ADarwin |
| 702 | 0 | @a叶笃庄@4译@Aye du zhuang |
| 702 | 0 | @a杨习之@4译@AYang Xi Zhi |
| 801 | 0 | @c20060805 |
| 905 | @a10447@dQ981.1@e20 | |
| 人类的由来及性选择/达尔文,Darwin著/叶笃庄,杨习之译 .-北京:科学出版社,1982 |
| 766页;21cm |
| ISBN (布面精装):CNY5.50 |
| ● |
| 相关链接 |
|
|
|
|
正题名:人类的由来及性选择
索取号:Q981.1/20
 
预约/预借
| 序号 | 登录号 | 条形码 | 馆藏地/架位号 | 状态 | 备注 |
| 1 | 0451514 | 204515140 | 密集书库/ [索取号:Q981.1/20] | 在馆 |